Normal view
MARC view
Entry Personal Name
001 - CONTROL NUMBER
- control field: 12962
003 - CONTROL NUMBER IDENTIFIER
- control field: BD-RjUL
005 - DATE AND TIME OF LATEST TRANSACTION
- control field: 20240512103718.0
008 - FIXED-LENGTH DATA ELEMENTS
- fixed length control field: 240512|| aca||aabn | a|a d
040 ## - CATALOGING SOURCE
- Original cataloging agency: BD-RjUL
- Transcribing agency: BD-RjUL
100 ## - HEADING--PERSONAL NAME
- Personal name: Hossain, Md. Monzur, Co-Supervisor
670 ## - SOURCE DATA FOUND
- Source citation: Work cat.: (BD-RjUL)83717: Alam, Md. Sultan 12960, Studies on Genetic and Environmental Componets of Variabilty in Maize (Zea mays L.) /, 2009